世界上人口最多的500个城市 - Statistics

General Stats
  • This quiz has been taken 11 times
  • The average score is 222 of 500
Answers on the Map
Answers color-coded by a green-red scale on the quiz's map according to % correct below.
 
Answer Stats
Population Urban Area % Correct
67,800,000 广州
100%
40,800,000 东京
100%
40,000,000 上海
100%
33,400,000 德里
100%
26,600,000 孟买
100%
23,100,000 纽约
100%
20,900,000 北京
100%
20,500,000 曼谷
100%
18,800,000 莫斯科
100%
17,700,000 洛杉矶
100%
17,700,000 大阪
100%
16,600,000 成都
100%
16,200,000 德黑兰
100%
14,800,000 伦敦
100%
13,400,000 里约热内卢
100%
12,300,000 西安
100%
11,800,000 武汉
100%
11,400,000 巴黎
100%
9,900,000 芝加哥
100%
9,450,000 郑州
100%
9,050,000 南京
100%
7,950,000 旧金山
100%
7,550,000 多伦多
100%
6,850,000 马德里
100%
6,350,000 济南
100%
6,250,000 昆明
100%
6,000,000 仰光
100%
5,400,000 哈尔滨
100%
1,260,000 | 4,950,000 墨尔本
100%
3,450,000 罗马
100%
3,125,000 曼彻斯特
100%
2,975,000 平壤
100%
2,500,000 里斯本
100%
28,900,000 雅加达
75%
26,700,000 马尼拉
75%
24,900,000 墨西哥城
75%
24,900,000 首尔
75%
22,200,000 开罗
75%
16,100,000 伊斯坦布尔
75%
14,800,000 约翰内斯堡
75%
14,500,000 厦门
75%
13,500,000 胡志明市
75%
13,400,000 杭州
75%
11,400,000 天津
75%
10,500,000 长沙
75%
10,500,000 名古屋
75%
9,200,000 台北
75%
9,100,000 吉隆坡
75%
8,800,000 华盛顿特区
75%
8,550,000 沈阳
75%
8,050,000 圣地亚哥
75%
7,850,000 波士顿
75%
7,750,000 新加坡
75%
7,500,000 巴格达
75%
7,500,000 合肥
75%
7,300,000 香港
75%
7,250,000 青岛
75%
7,100,000 宁波
75%
7,000,000 河内
75%
6,600,000 迪拜
75%
6,450,000 迈阿密
75%
6,400,000 圣彼得堡
75%
6,100,000 亚特兰大
75%
6,100,000 米兰
75%
6,000,000 石家庄
75%
5,850,000 底特律
75%
5,750,000 太原
75%
5,150,000 大连
75%
5,100,000 南宁
75%
4,925,000 悉尼
75%
4,900,000 长春
75%
4,850,000 贵阳
75%
4,800,000 南昌
75%
4,775,000 柏林
75%
4,725,000 乌鲁木齐
75%
4,625,000 西雅图
75%
4,550,000 福州
75%
4,450,000 开普敦
75%
4,175,000 巴西利亚
75%
3,800,000 大马士革
75%
3,400,000 兰州
75%
3,075,000 加德满都
75%
3,075,000 潍坊
75%
3,025,000 温哥华
75%
3,000,000 徐州
75%
2,925,000 特拉维夫
75%
2,775,000 高雄
75%
2,700,000 宿务
75%
2,650,000 布达佩斯
75%
2,650,000 唐山
75%
2,625,000 呼和浩特
75%
2,575,000 海口
75%
2,500,000 阿姆斯特丹
75%
2,500,000 札幌
75%
2,475,000 华沙
75%
2,450,000 烟台
75%
2,350,000 鞍山
75%
2,350,000 柳州
75%
2,300,000 银川
75%
2,275,000 维也纳
75%
2,025,000 | 2,225,000 里昂
75%
2,150,000 包头
75%
2,100,000 西宁
75%
2,075,000 保定
75%
1,980,000 赣州
75%
1,860,000 安阳
75%
1,860,000 遵义
75%
1,830,000 大庆
75%
1,790,000 济宁
75%
1,790,000 枣庄
75%
1,730,000 芜湖
75%
1,700,000 桂林
75%
1,690,000 格拉斯哥
75%
1,690,000 马赛
75%
1,630,000 秦皇岛
75%
1,610,000 吉林
75%
1,550,000 南阳
75%
1,510,000 都柏林
75%
1,510,000 赫尔辛基
75%
1,510,000 乌兰巴托
75%
1,480,000 苏黎世
75%
1,450,000 奥克兰
75%
1,430,000 威海
75%
1,410,000 阿德莱德
75%
1,400,000 张家口
75%
1,330,000 渥太华
75%
1,310,000 台南
75%
1,230,000 奥斯陆
75%
1,220,000 锦州
75%
23,000,000 圣保罗
50%
19,100,000 卡拉奇
50%
17,400,000 加尔各答
50%
14,400,000 拉合尔
50%
13,700,000 班加罗尔
50%
12,200,000 金奈
50%
11,600,000 利马
50%
11,100,000 | 2,450,000 海得拉巴
50%
10,500,000 重庆
50%
10,200,000 波哥大
50%
9,300,000 艾哈迈达巴德
50%
8,000,000 汕头
50%
7,550,000 达拉斯
50%
7,550,000 费城
50%
7,550,000 浦那
50%
7,450,000 苏拉特
50%
7,050,000 休斯敦
50%
6,900,000 万隆
50%
6,850,000 喀土穆
50%
6,550,000 阿比让
50%
6,550,000 内罗毕
50%
6,350,000 阿克拉
50%
6,100,000 亚历山大
50%
6,000,000 达累斯萨拉姆
50%
5,900,000 泗水
50%
5,200,000 安卡拉
50%
5,200,000 卡诺
50%
5,150,000 贝洛奥里藏特
50%
4,950,000 巴塞罗那
50%
4,825,000 凤凰城
50%
4,750,000 坦帕
50%
4,700,000 卡萨布兰卡
50%
4,650,000 吉大港
50%
4,375,000 蒙特利尔
50%
4,275,000 斋浦尔
50%
4,225,000 麦德林
50%
4,200,000 达喀尔
50%
4,200,000 科威特城
50%
4,175,000 阿尔及尔
50%
4,100,000 阿布贾
50%
4,050,000 那不勒斯
50%
4,000,000 釜山
50%
4,000,000 勒克瑙
50%
3,975,000 巴马科
50%
3,950,000 丹佛
50%
3,925,000 伊巴丹
50%
3,800,000 加拉加斯
50%
3,800,000 淄博
50%
3,775,000 福塔雷萨
50%
3,725,000 伊斯兰堡
50%
3,700,000 萨尔瓦多
50%
3,600,000 坎普尔
50%
3,600,000 塔什干
50%
3,575,000 德班
50%
3,550,000 雅典
50%
3,525,000 太子港
50%
3,475,000 基辅
50%
3,450,000 洛阳
50%
3,450,000 那格浦尔
50%
3,350,000 伊斯法罕
50%
3,350,000 马什哈德
50%
3,300,000 圣迭戈
50%
3,275,000 布里斯班
50%
3,275,000 法兰克福
50%
3,275,000 瓜亚基尔
50%
3,250,000 南通
50%
3,225,000 伯明翰
50%
3,075,000 萨那
50%
3,025,000 伊兹密尔
50%
2,900,000 汉堡
50%
2,875,000 基多
50%
2,850,000 库马西
50%
2,800,000 福冈
50%
2,800,000 瓦加杜古
50%
2,775,000 突尼斯
50%
2,750,000 布鲁塞尔
50%
2,750,000 大邱
50%
2,750,000 邯郸
50%
2,750,000 金边
50%
2,675,000 巴库
50%
2,600,000 哈拉雷
50%
2,600,000 白沙瓦
50%
2,575,000 夏洛特
50%
2,550,000 阿拉木图
50%
2,525,000 台州
50%
2,525,000 新乡
50%
2,500,000 波特兰
50%
2,475,000 义乌
50%
2,450,000 多哈
50%
2,450,000 台中
50%
2,450,000 珠海
50%
2,425,000 圣何塞
50%
2,400,000 斯图加特
50%
2,375,000 拉斯维加斯
50%
2,325,000 玛瑙斯
50%
2,325,000 麦加
50%
2,325,000 圣安东尼奥
50%
2,275,000 木尔坦
50%
2,275,000 慕尼黑
50%
2,250,000 卢萨卡
50%
2,250,000 斯德哥尔摩
50%
2,225,000 珀斯
50%
2,200,000 布拉柴维尔
50%
2,200,000 扬州
50%
2,175,000 奥斯汀
50%
2,175,000 布尔萨
50%
2,175,000 冈山
50%
2,125,000 摩加迪沙
50%
2,100,000 印第安纳波利斯
50%
2,025,000 杰克逊维尔
50%
1,980,000 北九州
50%
1,980,000 平顶山
50%
1,910,000 大不里士
50%
1,900,000 阿勒颇
50%
1,900,000 大同
50%
1,890,000 利物浦
50%
1,880,000 设拉子
50%
1,870,000 淮安
50%
1,860,000 贝鲁特
50%
1,860,000 淮南
50%
1,840,000 哥伦布
50%
1,810,000 恩贾梅纳
50%
1,790,000 贝宁
50%
1,790,000 湛江
50%
1,780,000 阿达纳
50%
1,770,000 的黎波里
50%
1,760,000 哥本哈根
50%
1,750,000 咸阳
50%
1,740,000 阿布扎比
50%
1,710,000 加济安泰普
50%
1,690,000 曼德勒
50%
1,690,000 麦地那
50%
1,680,000 绵阳
50%
1,650,000 达沃
50%
1,640,000 纳什维尔
50%
1,630,000 巴士拉
50%
1,630,000 光州
50%
1,600,000 哈尔科夫
50%
1,600,000 濮阳
50%
1,590,000 都灵
50%
1,590,000 邢台
50%
1,550,000 波尔图
50%
1,530,000 大田
50%
1,520,000 密尔沃基
50%
1,510,000 仙台
50%
1,490,000 摩苏尔
50%
1,490,000 泰安
50%
1,480,000 金华
50%
1,460,000 布拉格
50%
1,440,000 贝尔格莱德
50%
1,420,000 海防
50%
1,420,000 泰州
50%
1,410,000 卡尔加里
50%
1,410,000 盐城
50%
1,400,000 第比利斯
50%
1,380,000 茂名
50%
1,370,000 科尼亚
50%
1,350,000 南充
50%
1,340,000 宜昌
50%
1,310,000 阜阳
50%
1,310,000 塞维利亚
50%
1,270,000 开封
50%
1,260,000 达州
50%
1,230,000 安特卫普
50%
21,400,000 拉各斯
25%
21,300,000 达卡
25%
16,700,000 布宜诺斯艾利斯
25%
15,000,000 金沙萨
25%
9,150,000 利雅得
25%
9,000,000 罗安达
25%
5,850,000 安曼
25%
5,850,000 蒙特雷
25%
5,750,000 瓜达拉哈拉
25%
5,500,000 吉达
25%
5,100,000 温州
25%
4,900,000 科伦坡
25%
4,800,000 喀布尔
25%
4,300,000 临沂
25%
4,200,000 阿雷格里港
25%
4,175,000 普埃布拉
25%
4,175,000 圣多明各
25%
4,150,000 棉兰
25%
3,975,000 坎帕拉
25%
3,950,000 费萨拉巴德
25%
3,925,000 累西腓
25%
3,725,000 奥兰多
25%
3,700,000 雅温得
25%
3,650,000 杜阿拉
25%
3,550,000 库里奇巴
25%
3,525,000 印多尔
25%
3,375,000 鹿特丹
25%
3,325,000 坎皮纳斯
25%
3,325,000 危地马拉城
25%
3,300,000 明尼阿波利斯
25%
3,100,000 克利夫兰
25%
3,025,000 江阴
25%
2,950,000 塔那那利佛
25%
2,925,000 卡利
25%
2,925,000 哥印拜陀
25%
2,825,000 辛辛那提
25%
2,775,000 科纳克里
25%
2,750,000 达曼
25%
2,750,000 马拉开波
25%
2,650,000 卢本巴希
25%
2,650,000 托卢卡
25%
2,625,000 盐湖城
25%
2,600,000 博帕尔
25%
2,575,000 昌迪加尔
25%
2,550,000 戈亚尼亚
25%
2,500,000 阿格拉
25%
2,450,000 亚松森
25%
2,450,000 马普托
25%
2,350,000 洛美
25%
1,470,000 | 2,350,000 圣路易斯
25%
2,350,000 维沙卡帕特南
25%
2,325,000 姆布吉马伊
25%
2,325,000 圣克鲁斯
25%
2,275,000 贝伦
25%
2,225,000 哈瓦那
25%
2,225,000 拉巴斯
25%
2,225,000 利兹
25%
2,200,000 布加勒斯特
25%
2,200,000 蒂华纳
25%
2,175,000 萨克拉门托
25%
2,125,000 加沙
25%
2,100,000 堪萨斯城
25%
2,100,000 三宝垄
25%
2,075,000 嘉兴
25%
2,075,000 匹兹堡
25%
2,050,000 明斯克
25%
1,970,000 奥兰加巴德
25%
1,930,000 圣萨尔瓦多
25%
1,910,000 圣胡安
25%
1,890,000 马杜赖
25%
1,880,000 蚌埠
25%
1,880,000 蒙得维的亚
25%
1,870,000 广岛
25%
1,850,000 密拉特
25%
1,840,000 新西伯利亚
25%
1,840,000 叶卡捷琳堡
25%
1,770,000 望加锡
25%
1,770,000 蒙罗维亚
25%
1,740,000 巨港
25%
1,710,000 苍南
25%
1,660,000 下诺夫哥罗德
25%
1,630,000 湖州
25%
1,620,000 巴拿马城
25%
1,610,000 焦特布尔
25%
1,600,000 华雷斯
25%
1,600,000 商丘
25%
1,570,000 焦作
25%
1,570,000 喀山
25%
1,570,000 奥兰
25%
1,530,000 阿什哈巴德
25%
1,530,000 谢菲尔德
25%
1,510,000 瓜廖尔
25%
1,510,000 榆林
25%
1,480,000 阿瓦士
25%
1,480,000 春武里
25%
1,470,000 阿姆利则
25%
1,470,000 马斯喀特
25%
1,470,000 上饶
25%
1,460,000 车里雅宾斯克
25%
1,460,000 纽卡斯尔
25%
1,440,000 菏泽
25%
1,440,000 伊丽莎白港
25%
1,430,000 岘港
25%
1,420,000 顿涅茨克
25%
1,400,000 埃德蒙顿
25%
1,400,000 顿河畔罗斯托夫
25%
1,400,000 托雷翁
25%
1,390,000 库姆
25%
1,370,000 班达楠榜
25%
1,370,000 马那瓜
25%
1,370,000 诺丁汉
25%
1,370,000 萨马拉
25%
1,360,000 阿斯塔纳
25%
1,350,000 努瓦克肖特
25%
1,340,000 第聂伯罗
25%
1,330,000 基加利
25%
1,320,000 蒙巴萨
25%
1,320,000 许昌
25%
1,310,000 滨松
25%
1,310,000 里尔
25%
1,310,000 奥尼查
25%
1,300,000 淮北
25%
1,290,000 卡南加
25%
1,290,000 圣佩德罗苏拉
25%
1,270,000 克拉斯诺亚尔斯克
25%
1,270,000 清远
25%
1,250,000 奎达
25%
1,240,000 泸州
25%
1,240,000 那霸
25%
1,240,000 索菲亚
25%
1,220,000 衡阳
25%
4,600,000 阿迪斯阿贝巴
0%
3,175,000 比莱
0%
3,075,000 古吉兰瓦拉
0%
2,850,000 巴特纳
0%
2,600,000 哈科特港
0%
2,350,000 巴罗达
0%
2,275,000 巴兰基亚
0%
2,275,000 纳西克
0%
2,250,000 卡托维治
0%
2,225,000 维杰亚瓦达
0%
2,125,000 拉巴特
0%
2,075,000 卢迪亚纳
0%
2,075,000 拉杰科德
0%
1,900,000 | 2,075,000 瓦伦西亚
0%
2,050,000 卡杜纳
0%
2,050,000 瓦拉纳西
0%
2,025,000 布巴内什瓦尔
0%
2,025,000 科托努
0%
2,025,000 乔治敦
0%
1,930,000 维多利亚
0%
1,790,000 桑托斯
0%
1,780,000 雍亚卡他
0%
1,770,000 科尔多瓦
0%
1,770,000 罗利
0%
1,760,000 詹谢普尔
0%
1,740,000 玛琅
0%
1,730,000 斯利那加
0%
1,700,000 安赫莱斯
0%
1,690,000 阿散索尔
0%
1,680,000 哈特福德
0%
1,660,000 苏拉卡尔塔
0%
1,660,000 弗吉尼亚海滩
0%
1,640,000 柯钦
0%
1,640,000 克雷塔罗
0%
1,580,000 曼海姆
0%
1,560,000 班吉
0%
1,560,000 贾巴尔普尔
0%
1,550,000 麦那麦
0%
1,550,000 兰契
0%
1,540,000 蒂鲁布尔
0%
1,530,000 安拉阿巴德
0%
1,520,000 科塔
0%
1,510,000 叶里温
0%
1,460,000 马拉凯
0%
1,460,000 纳塔尔
0%
1,440,000 科恰班巴
0%
1,440,000 丹巴德
0%
1,430,000 巴雷利
0%
1,430,000 尼亚美
0%
1,420,000 布法罗
0%
1,420,000 罗萨里奥
0%
1,390,000 安塔基亚
0%
1,380,000 莫拉达巴德
0%
1,360,000 阿里格尔
0%
1,360,000 圣路易斯波托西
0%
1,350,000 本格拉
0%
1,340,000 弗里敦
0%
1,340,000 哈里斯堡
0%
1,340,000 迈杜古里
0%
1,330,000 巴基西梅托
0%
1,330,000 布卡拉曼加
0%
1,330,000 菲斯
0%
1,320,000 梅里达
0%
1,310,000 迈索尔
0%
1,280,000 阿加迪尔
0%
1,280,000 希姆肯特
0%
1,280,000 斯托克顿
0%
1,270,000 蒂鲁吉拉帕利
0%
1,250,000 阿巴
0%
1,240,000 麦卡伦
0%
1,220,000 卡拉旺
0%
No matching quizzes found
Score Distribution
Percent of People with Each Score
Percentile by Number Answered
Your Score History
You have not taken this quiz